<?xml version="1.0" encoding="UTF-8"?>
<record
    xmlns:xsi="http://www.w3.org/2001/XMLSchema-instance"
    xsi:schemaLocation="http://www.loc.gov/MARC21/slim http://www.loc.gov/standards/marcxml/schema/MARC21slim.xsd"
    xmlns="http://www.loc.gov/MARC21/slim">

  <leader>01753nam a22002777a 4500</leader>
  <controlfield tag="005">20150805103823.0</controlfield>
  <controlfield tag="008">140814|2007       xxu||||| |||| 00| 0 ck spa 2007 d</controlfield>
  <datafield tag="020" ind1=" " ind2=" ">
    <subfield code="a">9789589893401</subfield>
  </datafield>
  <datafield tag="040" ind1=" " ind2=" ">
    <subfield code="a">CO-BoIAVH </subfield>
    <subfield code="c">CO-BoIAVH </subfield>
  </datafield>
  <datafield tag="041" ind1="0" ind2=" ">
    <subfield code="a">spa</subfield>
  </datafield>
  <datafield tag="044" ind1=" " ind2=" ">
    <subfield code="a">ck</subfield>
  </datafield>
  <datafield tag="082" ind1=" " ind2="4">
    <subfield code="a">333.7 </subfield>
    <subfield code="b">D35p</subfield>
  </datafield>
  <datafield tag="100" ind1="1" ind2=" ">
    <subfield code="a">Delgado, Aida Mercedes.</subfield>
  </datafield>
  <datafield tag="245" ind1="1" ind2=" ">
    <subfield code="a">Plan de Acci&#xF3;n en Biodiversidad 2006-2030 Nari&#xF1;o/</subfield>
    <subfield code="c">Aida Mercedes, Delgado... [et al]</subfield>
  </datafield>
  <datafield tag="260" ind1=" " ind2=" ">
    <subfield code="a">Pasto</subfield>
    <subfield code="b">Corporaci&#xF3;n Aut&#xF3;noma Regional de Nari&#xF1;o-CORPONARI&#xD1;O </subfield>
    <subfield code="b">Gobernaci&#xF3;n de Nari&#xF1;o-Secretar&#xED;a de Agricultura y Medio Ambiente </subfield>
    <subfield code="b">Universidad de Nari&#xF1;o </subfield>
    <subfield code="b">Unidad Administrativa Especial del Sistema de Parques Nacionales Naturales-UAESPNN</subfield>
    <subfield code="b">Universidad Mariana</subfield>
    <subfield code="b">Asociaci&#xF3;n para el Desarrollo Campesino -ADC</subfield>
    <subfield code="b">Red de Consejos Comunitarios de la Costa Pac&#xED;fica-RECOMPAS</subfield>
    <subfield code="b">Asociaci&#xF3;n de Consejos Comunitarios &#xC9;tnico Territoriales de Nari&#xF1;o-ASOCOETNAR </subfield>
    <subfield code="c">2007</subfield>
  </datafield>
  <datafield tag="300" ind1=" " ind2=" ">
    <subfield code="a">323 p.</subfield>
    <subfield code="b">Fot (col), tablas, gr&#xE1;ficas.</subfield>
    <subfield code="c">28 cm.</subfield>
    <subfield code="e">CD-ROM.</subfield>
  </datafield>
  <datafield tag="500" ind1=" " ind2=" ">
    <subfield code="a">Incluye &#xED;ndices de mapas, tablas, figuras, recuadros y anexos.</subfield>
  </datafield>
  <datafield tag="504" ind1=" " ind2=" ">
    <subfield code="a">Incluye referencias bibliogr&#xE1;ficas(p&#xE1;g 301-323)</subfield>
  </datafield>
  <datafield tag="505" ind1=" " ind2=" ">
    <subfield code="a">Cap. 1 El departamento de Nari&#xF1;o como escenario del Plan de Acci&#xF3;n en Biodiverisidad.
Cap. 2 Lo que se usa, conserva y conoce de la biodiversidad en el departamento de Nari&#xF1;o.
Cap. 3 Formulaci&#xF3;n propuesta t&#xE9;cnica del Plan de Acci&#xF3;n en Biodiversidad.
</subfield>
  </datafield>
  <datafield tag="650" ind1=" " ind2="6">
    <subfield code="a">Protecci&#xF3;n del medio ambiente</subfield>
    <subfield code="z">Nari&#xF1;o (Colombia)</subfield>
  </datafield>
  <datafield tag="650" ind1=" " ind2="6">
    <subfield code="a">Recursos h&#xED;dricos</subfield>
    <subfield code="z">Nari&#xF1;o (Colombia)</subfield>
  </datafield>
  <datafield tag="650" ind1=" " ind2="6">
    <subfield code="a">Protecci&#xF3;n de los recursos naturales</subfield>
    <subfield code="z">Nari&#xF1;o (Colombia)</subfield>
  </datafield>
  <datafield tag="700" ind1="1" ind2=" ">
    <subfield code="a">Ruiz, Sandra Luc&#xED;a</subfield>
    <subfield code="e">editora</subfield>
  </datafield>
  <datafield tag="700" ind1="1" ind2=" ">
    <subfield code="a">Nieto-M, Francisco</subfield>
    <subfield code="e">fotograf&#xED;a</subfield>
  </datafield>
  <datafield tag="942" ind1=" " ind2=" ">
    <subfield code="2">ddc</subfield>
    <subfield code="c">LIBRO</subfield>
  </datafield>
  <datafield tag="999" ind1=" " ind2=" ">
    <subfield code="c">8607</subfield>
    <subfield code="d">8607</subfield>
  </datafield>
  <datafield tag="952" ind1=" " ind2=" ">
    <subfield code="0">0</subfield>
    <subfield code="1">0</subfield>
    <subfield code="2">ddc</subfield>
    <subfield code="4">0</subfield>
    <subfield code="7">0</subfield>
    <subfield code="8">HUMBOLDT</subfield>
    <subfield code="I">INV2017</subfield>
    <subfield code="a">Bogota</subfield>
    <subfield code="b">Bogota</subfield>
    <subfield code="d">2014-08-14</subfield>
    <subfield code="e">Instituto</subfield>
    <subfield code="g">39000.00</subfield>
    <subfield code="l">0</subfield>
    <subfield code="o">IAVH-333.7  D35p</subfield>
    <subfield code="p">034082</subfield>
    <subfield code="r">2014-08-14 00:00:00</subfield>
    <subfield code="t">Ej. 1</subfield>
    <subfield code="w">2014-08-14</subfield>
    <subfield code="x">Institucional</subfield>
    <subfield code="y">LIBRO</subfield>
    <subfield code="z">Incluye CD-ROM con anexos. (Cod. 034084)</subfield>
  </datafield>
  <datafield tag="952" ind1=" " ind2=" ">
    <subfield code="0">0</subfield>
    <subfield code="1">0</subfield>
    <subfield code="2">ddc</subfield>
    <subfield code="4">0</subfield>
    <subfield code="7">0</subfield>
    <subfield code="8">HUMBOLDT</subfield>
    <subfield code="I">INV2017</subfield>
    <subfield code="a">Venado</subfield>
    <subfield code="b">Venado</subfield>
    <subfield code="d">2014-08-14</subfield>
    <subfield code="e">Instituto</subfield>
    <subfield code="g">39000.00</subfield>
    <subfield code="l">0</subfield>
    <subfield code="o">IAVH-333.7  D35p</subfield>
    <subfield code="p">034083</subfield>
    <subfield code="r">2014-08-14 00:00:00</subfield>
    <subfield code="t">Ej. 2</subfield>
    <subfield code="w">2014-08-14</subfield>
    <subfield code="x">Donaci&#xF3;n</subfield>
    <subfield code="y">LIBRO</subfield>
  </datafield>
  <datafield tag="952" ind1=" " ind2=" ">
    <subfield code="0">0</subfield>
    <subfield code="1">0</subfield>
    <subfield code="2">ddc</subfield>
    <subfield code="4">0</subfield>
    <subfield code="7">1</subfield>
    <subfield code="8">HUMBOLDT</subfield>
    <subfield code="I">INV2017</subfield>
    <subfield code="a">Bogota</subfield>
    <subfield code="b">Bogota</subfield>
    <subfield code="d">2015-08-05</subfield>
    <subfield code="e">Instituto</subfield>
    <subfield code="g">39000.00</subfield>
    <subfield code="l">0</subfield>
    <subfield code="o">IAVH-333.7  D35p</subfield>
    <subfield code="p">042063</subfield>
    <subfield code="r">2015-08-05 00:00:00</subfield>
    <subfield code="t">Ej. 3</subfield>
    <subfield code="w">2015-08-05</subfield>
    <subfield code="x">Institucional</subfield>
    <subfield code="y">LIBRO</subfield>
    <subfield code="z">No para pr&#xE9;stamo solo consulta en sala. (Fotocopia)</subfield>
  </datafield>
</record>
